[Event "IND-ch Challengers (Women) 43rd"]
[Site "Chennai"]
[Date "2016.06.22"]
[Round "8"]
[White "Sushma Reddy, B."]
[Black "Abirama Srinithi, G."]
[Result "0-1"]
[WhiteElo "1144"]
[BlackElo "1647"]
[PlyCount "44"]
[EventDate "2016.06.17"]
[EventType "swiss"]
[EventRounds "11"]
[EventCountry "IND"]
[SourceTitle "CBM 173 Extra"]
[Source "ChessBase"]
[SourceDate "2016.08.29"]
[SourceVersion "1"]
[SourceVersionDate "2016.08.29"]
[SourceQuality "1"]

1. e4 c5 2. Nf3 d6 3. Bb5+ Bd7 4. Bxd7+ Qxd7 5. d4 cxd4 6. Qxd4 Nc6 7. Qd3 Rc8 8. Nc3 g6 9. Be3 Bg7 10. a3 Nf6 11. 0-0 0-0 12. Rfd1 Ng4 13. Bf4 Nce5 14. Qe2 Nc4 15. Bc1 Nxb2 16. Bxb2 Bxc3 17. Bxc3 Rxc3 18. e5 Qc8 19. exd6 exd6 20. Rxd6 Rxc2 21. Qd3 Qc5 22. h3 Nxf2 0-1

[Event "IND-ch U13 Girls"]
[Site "Puducherry"]
[Date "2013.07.04"]
[Round "7"]
[White "Abirama Srinithi, G."]
[Black "Tejaswini, Sagar"]
[Result "0-1"]
[WhiteElo "1493"]
[BlackElo "1950"]
[PlyCount "52"]
[EventDate "2013.06.30"]
[EventType "swiss"]
[EventRounds "11"]
[EventCountry "IND"]
[SourceTitle "EXT 2014"]
[Source "ChessBase"]
[SourceDate "2013.11.20"]
[SourceVersion "1"]
[SourceVersionDate "2013.11.20"]
[SourceQuality "1"]

1. d4 Nf6 2. c4 g6 3. Nf3 Bg7 4. Nc3 0-0 5. e4 d6 6. Bg5 c5 7. dxc5 Qa5 8. cxd6 Nxe4 9. dxe7 Re8 10. Qd8 Bxc3+ 11. bxc3 Qxc3+ 12. Ke2 Bd7 13. Rd1 Nxg5 14. Rd3 Qb2+ 15. Rd2 Qf6 16. Qa5 Nxf3 17. gxf3 Nc6 18. Qa3 Rxe7+ 19. Kd1 Rae8 20. Bg2 Qa1+ 21. Kc2 Nd4+ 22. Rxd4 Qxd4 23. Bf1 Qxf2+ 24. Kc3 Re3+ 25. Bd3 Rxd3+ 26. Kxd3 Re7 0-1